| 000 | 00389cam a22001217a 4500 | ||
|---|---|---|---|
| 008 | 180718b1932 xxu||||| |||| 00| 0 eng d | ||
| 082 | _aA75 Or4S | ||
| 100 | _aO'Malley, L.S.S. | ||
| 245 |
_aBihar and Orissa district gazetteers: Sambalpur _cby L.S.S. O'Malley |
||
| 260 |
_aPatna _bBihar and Orissa District Gazetteers _c1932 |
||
| 300 | _a272+p. | ||
| 650 | _aBihar and Sambalpur - Gazetteers | ||
| 999 |
_c481453 _d481453 |
||